000 00921nas a2200277 4500
001 BR0001809
003 BR-BrBNA
005 20231205101815.0
007 ta
008 230509b bl.|||p| |||| 00| 00por d
040 _aBR-BrBNA
_bpor
_cBiblioteca Nacional de Agricultura
041 _a(Pt)
072 _aF40
100 1 _aAquino, F. de G.
100 1 _aOliveira, M.C. de
100 1 _aSchiavini, I.
100 1 _aRibeiro, J.F.
245 1 _aDinamica de populacao de Anadenanthera macrocarpa e Acacia glomerosa em mata seca semidecidua na Estacao Ecologica do Panga (Uberlandia-MG)
650 _aEcologia Vegetal
650 _aDistribuicao Geografica
650 _aPopulacao de Planta
650 _aMortalidade
773 0 _tBoletim do Herbario Ezechias Paulo Heringer (Brazil)
_xISSN 0104-5334
_g(Dec 1999), v. 4 p. 90-102
_wBR0001809
909 _a202311
_bLúcia
_c55
_dLúcia Elande
942 _2AGRIS
_n0
_cANA
999 _c164062
_d164062